000 00703nam a2200241 i 4500
001 C2-0302909
003 PPAK
005 20180728083946.0
008 100223s2008 nyua|||| ||||| | eng d
020 _a9780979090974
040 _aPPAK
_beng
_cPPAK
_erda
082 0 4 _a973.9160922
_223
090 0 0 _a973.9160922
_bWHI
_dLCK
100 1 _aWhite, Gary,
_eauthor
245 1 0 _aPebbles:
_bMemories of a Small-Town Kansas Boy
264 1 _aNew York :
_bPilgrims Process, Inc. ,
_c2008
300 _axi, 177 pages :
_billustrations ;
_c22 cm
336 _2rdacontent
_atext
337 _2rdamedia
_aunmediated
338 _2rdacarrier
_avolume
650 1 0 _aUnited States Biography
942 _ddc
_cB
999 _c106426
_d106426